| 000 | 00502 a2200157 4500 | ||
|---|---|---|---|
| 005 | 20250607122309.0 | ||
| 020 | _a978-0-273-68209-7 | ||
| 082 | _aLECT 658.159 BUC | ||
| 100 | _aBUCKLEY, A. | ||
| 245 | _aMultinational finance | ||
| 250 | _a5th Ed. | ||
| 260 |
_aHarlow, _bPrentice Hall, _c2004. |
||
| 300 |
_axvii, 788p.: ill.; chart, figure, graph, picture, table. _bGlossary & Index, _c25cm. |
||
| 856 |
_yAccess online book _fMultinational finance _dhttp.://www.pearsoned.co.uk |
||
| 942 |
_2ddc _cBKS |
||
| 999 |
_c3439 _d3439 |
||